| 000 | 00578nam a22001577a 4500 | ||
|---|---|---|---|
| 003 | macl | ||
| 005 | 20200214154542.0 | ||
| 008 | 200214b xxu||||| |||| 00| 0 eng d | ||
| 040 | _cmacl | ||
| 082 | _a398 | ||
| 100 |
_aनेगी,प्रो. गिरधर सिंह _978215 |
||
| 245 | _aहिमालय के महासू उपासकाें की अनूठी संस्कृति | ||
| 260 |
_aदिल्ली _bमल्लिका बुक्स _c2014 |
||
| 650 |
_aलोक साहित्य _949621 |
||
| 942 |
_2ddc _cHIN |
||
| 999 |
_c62081 _d62081 |
||